Statistiken für Liedtext - Stadtaffe - Peter Fox

Klicken Sie hier um das Quiz zu spielen!

Allgemein

  • Dieses Quiz wurde 218 mal gespielt
  • Das Durchschnittsergebnis liegt bei 291 aus 440

Antwortstatistiken

Textquiz% Korrekt
'n
99%
der
98%
ich
97%
Ich
97%
‘ne
97%
'ne
97%
'n
96%
Ein
95%
ein
95%
Stadt
95%
Affe
94%
Die
93%
die
93%
bin
92%
Bin
92%
In
92%
in
92%
er
91%
Er
91%
Und
91%
und
91%
einer
90%
is‘
89%
voll
89%
voller
89%
Affen
88%
das
85%
King
85%
all
84%
ist
84%
Ist
84%
sie
83%
Sie
83%
alle
82%
stinkt
82%
es
81%
laut
81%
hab
80%
sing
79%
Weil
79%
dass
77%
mit
77%
Mit
77%
Alles
76%
alles
76%
auf
75%
für
75%
mich
75%
na
75%
sind
71%
blinkt
70%
haben
70%
wir
70%
Wir
70%
angesagte
69%
den
69%
ihr
69%
ab
68%
aus
68%
im
68%
seh'
67%
seh‘
67%
wie
67%
bunt
66%
Du
66%
Grimasse
66%
Stadtaffe
66%
schiefer
65%
Tag
65%
viel
65%
zu
65%
Massen
63%
Vor-
63%
vor
63%
auch
62%
blind
61%
Frau
61%
hammer
61%
kreischen
61%
muss
61%
Primat
61%
taub
61%
Weibchen
61%
Ding
59%
‘nen
59%
rum
59%
Schönes
59%
trommel
59%
vom
59%
wenn
59%
Banana
58%
Brust
58%
long
58%
singen
58%
bei
57%
junger
57%
krault
57%
night
57%
um
57%
Blut
56%
feiern
56%
Gott
56%
meiner
56%
sauer
56%
trink
56%
Balkon
54%
Bus
54%
klau
54%
man
54%
Man
54%
Mauer
54%
Primaten
54%
sehe
54%
drei
53%
Fass
53%
häng
53%
Kamera
53%
Macht
53%
macht
53%
ohne
53%
paar
53%
drauf
52%
nicht
52%
dick
51%
Havanna
51%
Streit
51%
suchen
51%
traurig
51%
hört
50%
mir
50%
verdien
50%
bis
49%
Kläffer
49%
pose
49%
rauch
49%
schmeiß
49%
Haus
48%
ihre
48%
komm
48%
dem
47%
keinen
47%
Kopf
47%
Party
47%
Stil
47%
Zeit
47%
dicker
46%
Fell
46%
gut
46%
kann
46%
Lungen
46%
Rudel
46%
Smog
46%
springen
46%
wird
46%
Club
45%
Durch
45%
Grund
45%
Hunde
45%
rauf
45%
Kussmund
44%
Rotes
44%
Sonne
44%
steige
44%
Affenpower
43%
Macker
43%
Wind
43%
zum
43%
blonde
42%
Fernsehturm
42%
gelungen
42%
immer
42%
Nacht
42%
Steh
42%
zelebrier
42%
Aussicht
41%
bist
41%
Bräute
41%
Dreck
41%
grau
41%
weht
41%
wirst
41%
Horde
40%
rauer
40%
Beruf
39%
genieß
39%
Von
39%
versifft
38%
Zunamen
38%
Aufsicht
37%
faul
37%
Galopp
37%
gefressen
37%
grins'
37%
Kinder
37%
Tausend
37%
Tonnen
37%
vergessen
37%
werden
37%
egal
36%
kriegen
35%
kurz
35%
Lärm
35%
Nervt
35%
seinen
35%
Taubenshit
35%
verdaut
35%
Ku'damm
34%
Nackenschauer
34%
ausgelassen
33%
fit
33%
Stuten
33%
dann
32%
fliehen
32%
ins
32%
trifft
32%
Geht
31%
gekippt
31%
auf'm
30%
Flugbahn
30%
ihm
30%
Maul
30%
genug
29%
Platz
28%
Jeden
27%
Müll
27%
wollt
27%
Zugaben
27%
Gassenhauer
25%
Ungekaut
25%
Neonbuchstaben
23%
Neukölln
23%
Schreibt
23%
Mütter
22%
schließen
21%
klaut
19%
schwingt
17%
Block
16%
Shops
15%
thron
13%
um'n
11%

Verteilung der Resultate

Perzentil nach korrekt beantworteten Fragen

Anzahl Personen mit jedem Resultat

Ihre Resultats-Entwicklung

Sie haben dieses Quiz noch nicht gespielt